00563 2200217 4500001002100000005001700021008004100038035002400079082001000103090001700113100001800130245004400148260002800192300002500220500002700245650002200272850001500294980001500309985000600324999001500330YOGYA-0209000001772720090227022807.0 ind  0010-020900000017727 a636.5 a636.5bInd B aINDARTO, Pudi aBeternak unggas berhasilcPoedi Indarto aBandung:bArmico,c1990 a122 hlmbilusc21 cm aBibliografi : hlm. 122 aUnggas-peternakan aYOPDYOG(B) a09-02-2006 a1 aP000031136